000 00659nam a2200181Ia 4500
008 151202s9999||||xx |||||||||||||| ||und||
082 _bPNVM-79459
100 _aहरकारे अरूण.
245 _aकिल्ली गुणवत्तायादीची.
260 _bराजश्री प्रकाशन पुणे.
260 _c2013
300 _a102
600 _aहरकारे अरूण.
630 _aकिल्ली गुणवत्तायादीची.
700 _aहरकारे अरूण.
730 _aकिल्ली गुणवत्तायादीची.
942 _cBOOK
999 _c1344068
_d1344065